<?xml version="1.0" encoding="UTF-8"?>
<record
    xmlns:xsi="http://www.w3.org/2001/XMLSchema-instance"
    xsi:schemaLocation="http://www.loc.gov/MARC21/slim http://www.loc.gov/standards/marcxml/schema/MARC21slim.xsd"
    xmlns="http://www.loc.gov/MARC21/slim">

  <leader>00603nac a22001451u 4500</leader>
  <controlfield tag="008">081019t1958    ua|||||r|||| 001 0dara d</controlfield>
  <datafield tag="082" ind1=" " ind2=" ">
    <subfield code="a">269.9262</subfield>
    <subfield code="b">&#x62A; &#x641; &#x62A;</subfield>
  </datafield>
  <datafield tag="245" ind1=" " ind2=" ">
    <subfield code="a">&#x627;&#x628;&#x646; &#x639;&#x637;&#x627;&#x621; &#x627;&#x644;&#x644;&#x647; &#x627;&#x644;&#x633;&#x643;&#x646;&#x62F;&#x631;&#x64A;  :</subfield>
    <subfield code="b">&#x648;&#x62A;&#x635;&#x648;&#x641;&#x647;/</subfield>
    <subfield code="c">&#x623;&#x628;&#x648; &#x627;&#x644;&#x648;&#x641;&#x627; &#x627;&#x644;&#x63A;&#x646;&#x64A;&#x645;&#x649; &#x627;&#x644;&#x62A;&#x641;&#x62A;&#x627;&#x632;&#x627;&#x646;&#x64A;</subfield>
  </datafield>
  <datafield tag="260" ind1=" " ind2=" ">
    <subfield code="a">&#x627;&#x644;&#x642;&#x627;&#x647;&#x631;&#x629;:</subfield>
    <subfield code="b">&#x645;&#x643;&#x62A;&#x628;&#x629; &#x627;&#x644;&#x642;&#x627;&#x647;&#x631;&#x629; &#x627;&#x644;&#x62D;&#x62F;&#x64A;&#x62B;&#x629;&#x60C;1958</subfield>
    <subfield code="c">1958</subfield>
  </datafield>
  <datafield tag="270" ind1=" " ind2=" ">
    <subfield code="a">169 &#x634;&#x636;&#x627;&#x631;&#x639; &#x627;&#x644;&#x62A;&#x62D;&#x631;&#x64A;&#x631;</subfield>
  </datafield>
  <datafield tag="300" ind1=" " ind2=" ">
    <subfield code="a">296 &#x635;&#x61B;</subfield>
    <subfield code="c">24 .&#x633;&#x645;</subfield>
  </datafield>
  <datafield tag="504" ind1=" " ind2=" ">
    <subfield code="a">&#x64A;&#x62D;&#x62A;&#x648;&#x649; &#x639;&#x644;&#x649;  &#x628;&#x628;&#x644;&#x64A;&#x648;&#x62C;&#x631;&#x627;&#x641;&#x64A;&#x629; &#x635;  275-284 &#x648;&#x643;&#x634;&#x627;&#x641;&#x627;&#x62A; </subfield>
  </datafield>
  <datafield tag="511" ind1=" " ind2=" ">
    <subfield code="a">Catalogued by: Sara</subfield>
  </datafield>
  <datafield tag="942" ind1=" " ind2=" ">
    <subfield code="c">BB</subfield>
    <subfield code="k">269.9262 &#x62A; &#x641; &#x62A;</subfield>
    <subfield code="2">ddc</subfield>
  </datafield>
  <datafield tag="999" ind1=" " ind2=" ">
    <subfield code="c">5989</subfield>
    <subfield code="d">5989</subfield>
  </datafield>
  <datafield tag="952" ind1=" " ind2=" ">
    <subfield code="0">0</subfield>
    <subfield code="1">0</subfield>
    <subfield code="2">ddc</subfield>
    <subfield code="4">0</subfield>
    <subfield code="7">0</subfield>
    <subfield code="8">Alef-Baa</subfield>
    <subfield code="a">MAIN</subfield>
    <subfield code="b">MAIN</subfield>
    <subfield code="c">LOW</subfield>
    <subfield code="d">2010-08-11</subfield>
    <subfield code="e">purchase</subfield>
    <subfield code="o">269.9262 &#x62A; &#x641; &#x62A;</subfield>
    <subfield code="p">000007585</subfield>
    <subfield code="r">2025-07-15 00:00:00</subfield>
    <subfield code="s">2008-09-30</subfield>
    <subfield code="y">BB</subfield>
  </datafield>
</record>
